00253nam a2200097 a 4500008004100000050001500041100002100056245006000077260000900137350000900146120416s1981 xx |||||||||||||| || u aTH 435 Hal aHalpin, Daniel W10aFinancial and cost concepts for construction management c1981 a0.00